000 00256nam a2200097Ia 4500
001 1041801
005 20250826232048.0
008 250824s9999 xx 000 0 und d
245 0 _aDAMDAN DÜŞEN PSİKOLOG
_cDOĞAN CÜCELOĞLU
260 _bREMZİ KİTABEVİ
999 _c1041801
_d1041801